000 00802nam a2200229 4500
001 108196
003 ES-MaACL
005 20230906184611.0
007 t|
008 061121s1960 sp r ||||1| spa d
100 1 _aMontaretto, Silvio.
_982404
245 1 3 _aEl análisis del trabajo /
_cpor Silvio Montaretto y Riccardo Riccardi, traducción dirigida por Alberto Grau Dosaigues; [ traductor Mario Garriguetas Cañada].
260 _aBarcelona :
_bHispano Europea,
_c[1960]
300 _aXVI, 213 p. ;
_c24.
490 1 _aColección Galileo
700 1 _aRiccardi, Riccardo.
_996873
700 1 _aGrau Dosaiguës, Alberto.
_959751
700 1 _aGarriguetas Cañada, Mario.
_955776
830 0 _aColección Galileo
_9181173
852 _aES-MaACL
_jC-18193
_bR.46192
999 _c108196
_d108196